| 000 | 01381nam0a2200373 4500 | ||
|---|---|---|---|
| 001 | RU\NLR\BIBL_A\011655549 | ||
| 005 | 20180329124952.0 | ||
| 010 | _a978-5-4490-2065-9 | ||
| 021 |
_aRU _bКН-П-18-009307 _9КН-П-18-0648 |
||
| 035 | _a(NLR Aleph) 011655549 | ||
| 035 | _a(RuMoRGB)009537709 | ||
| 090 |
_a11152750 _c11152750 |
||
| 100 | _a20180314d2018 k y0rusy50 ca | ||
| 101 | 0 | _arus | |
| 102 | _aRU | ||
| 105 | _aa z 000zy | ||
| 200 | 1 |
_aВ помощь призывнику _eконкретно и наглядно _fС. К. Рукавицын |
|
| 210 |
_a[Б. м.] _cИздательские решения _d2018 |
||
| 215 |
_a450, [1] с. _cил. _d21 |
||
| 225 | 1 | _aКак стать сильным | |
| 300 | _aНа 4-й с. обл. авт.: Рукавицын, С.К., капитан | ||
| 300 | _aНа обл. авт. не указан | ||
| 320 | _aБиблиогр.: с. 449-450 | ||
| 333 | _a16+ | ||
| 606 | 1 |
_aДопризывники _xПодготовка и обучение _2nlr_sh1 _2nlr_sh2 _3RU\NLR\AUTH\66215792 |
|
| 686 |
_aЦ4,6(2Р)914 _2rubbk |
||
| 686 | 1 | _aЦ4,6(2Р)914 | |
| 686 | 1 | _aС550.518 | |
| 700 | 1 |
_aРукавицын _bС. К. _gСергей Константинович |
|
| 942 | _cBOOK | ||
| 980 | _aNBR | ||
| 980 | _aNB | ||